लोड हो रहा है...

Numerical methods for scientific and engineering computation

ग्रंथसूची विवरण
मुख्य लेखक: Iyengar, S R K
अन्य लेखक: Jain, M K, Jain, R K
स्वरूप: Printed Book
भाषा:Undetermined
English
प्रकाशित: New Delhi Wiley Eastern Limited 1995
संस्करण:3
विषय:
LEADER 00661nam a2200205Ia 4500
008 140306s9999 xx 000 0 und d
041 |a eng 
082 |a 519 C  |b JAI/NU 
100 |a Iyengar, S R K 
700 |a Jain, M K 
700 |a Jain, R K 
245 |a Numerical methods for scientific and engineering computation 
250 |a 3 
260 |a New Delhi  |b Wiley Eastern Limited  |c 1995 
300 |a 450 
650 |a Computer Arthemetic 
650 |a Computer science 
942 |2 ddc  |c BK 
999 |c 119194  |d 119194 
952 |0 0  |1 0  |2 ddc  |4 0  |6 519_000000000000000_C_JAINU  |7 0  |9 118278  |a KAUHCV  |b KAUHCV  |d 2004-05-05  |o 519 C JAI/NU  |p KAU_HCV-23954  |r 2014-03-22  |w 2014-03-22  |y BK